| 000 | 00959 a2200253 4500 | ||
|---|---|---|---|
| 003 | Nust | ||
| 005 | 20170207165829.0 | ||
| 010 | _a 2008024575 | ||
| 020 | _a1403937982 | ||
| 020 | _a1403937990 | ||
| 020 | _a9781403937988 (hc : alk. paper) | ||
| 020 | _a9781403937995 (pbk.) | ||
| 040 | _cNust | ||
| 082 | 0 | 0 | _a418.02 |
| 100 | 1 | _aCorsellis, Ann. | |
| 245 | 1 | 0 |
_aPublic service interpreting (E-BOOK) _bthe first steps / _cAnn Corsellis. |
| 260 |
_aNew York : _bPalgrave Macmillan, _c2008. |
||
| 300 |
_axii, 186 p. ; _c22 cm. |
||
| 490 | 0 | _aPalgrave textbooks in translating and interpreting | |
| 650 | 0 | _aPublic service interpreting. | |
| 856 | 4 | 2 |
_3Contributor biographical information _uhttp://www.loc.gov/catdir/enhancements/fy0916/2008024575-b.html |
| 856 | 4 | 2 |
_3Publisher description _uhttp://www.loc.gov/catdir/enhancements/fy0916/2008024575-d.html |
| 856 | 4 | 2 |
_3Table of contents only _uhttp://www.loc.gov/catdir/enhancements/fy0916/2008024575-t.html |
| 942 |
_2ddc _cBK |
||
| 999 |
_c213209 _d213209 |
||